[Event "FAI-chT2 1314"]
[Site "Torshavn"]
[Date "2014.03.02"]
[Round "9.2"]
[White "Dalsgard, Arnbjorn O"]
[Black "Thomsen, Jonfinn"]
[Result "1/2-1/2"]
[WhiteElo "1952"]
[BlackElo "1876"]
[PlyCount "113"]
[EventDate "2013.10.27"]
[EventType "team-tourn"]
[EventRounds "10"]
[EventCountry "FAI"]
[SourceTitle "EXT 2019"]
[Source "ChessBase"]
[SourceDate "2018.10.10"]
[SourceVersion "1"]
[SourceVersionDate "2018.10.10"]
[SourceQuality "1"]
[WhiteTeam "Havnin III"]
[BlackTeam "Sandavagur II"]
[WhiteTeamCountry "FAI"]
[BlackTeamCountry "FAI"]

1. Nf3 e6 2. c4 Nf6 3. g3 d5 4. Bg2 c6 5. 0-0 Be7 6. b3 0-0 7. Bb2 Nbd7 8. Qc2 Re8 9. d4 Ne4 10. Nbd2 f5 11. e3 Ndf6 12. a4 Nxd2 13. Nxd2 Ne4 14. c5 Bf6 15. b4 e5 16. dxe5 Bxe5 17. Bxe5 Nxd2 18. Qxd2 Rxe5 19. Qd4 Qc7 20. Rfd1 Bd7 21. Rd2 Be8 22. Rc1 Rd8 23. Re1 Bg6 24. b5 Rc8 25. bxc6 bxc6 26. Rb2 Ree8 27. Rb4 Rb8 28. Reb1 Rxb4 29. Rxb4 Rb8 30. a5 Bf7 31. Qb2 Rxb4 32. Qxb4 Be6 33. h4 Bc8 34. Qa4 Kf7 35. Qb4 h6 36. Bf3 Qe5 37. Qd4 Qc7 38. Qb4 Qe5 39. Kg2 Ba6 40. Qf4 Qxf4 41. gxf4 Ke6 42. Bd1 Bc4 43. Ba4 Bb5 44. Bd1 d4 45. Bb3+ Kd7 46. exd4 Kc7 47. Bc2 Kb7 48. Bxf5 Ka6 49. Kf3 Kxa5 50. Ke3 Kb4 51. Be6 a5 52. Kd2 a4 53. Kc2 Bc4 54. f5 a3 55. Kb1 Kb5 56. Kc2 Kb4 57. Kb1 1/2-1/2